| 000 | 00742 a2200217 4500 | ||
|---|---|---|---|
| 003 | Nust | ||
| 005 | 20230119111714.0 | ||
| 010 | _a 78003456 | ||
| 020 | _a0023281200 | ||
| 040 | _cNust | ||
| 082 | 0 | 0 | _a671,DEG |
| 100 | 1 |
_aDeGarmo, E. Paul _99077 |
|
| 245 | 1 | 0 |
_aMaterials and processes in manufacturing / _cE. Paul DeGarmo. |
| 250 | _a5th ed. | ||
| 260 |
_aNew York : _bMacmillan, _cc1979. |
||
| 300 |
_axii, 1076 p. : _bill. ; _c24 cm. |
||
| 505 | _aMaterials (Page-1), Casting and Forming Processes (Page-255), Machining Processes (Page-457), Welding and Allied Processes (Page-829), Processes and Techniques Related to Manufacturing (Page-937). | ||
| 650 | 0 | _aManufacturing processes. | |
| 650 | 0 | _aMaterials. | |
| 942 |
_2ddc _cBK |
||
| 999 |
_c185023 _d185023 |
||